000 00837nam a22002657a 4500
001 8366
003 FISKH
005 20250910094150.0
008 250910b cb ||||| |||| 00| 0 eng d
020 _a9780618599394
040 _aFISKH
_beng
_cFISKH
_dFISKH
050 _aPZ7
082 _a580
100 _aJackson, Robin
245 _aLooking at plants /
_cby Robin Jackson
260 _aBoston :
_bHoughton Mifflin,
_c2006.
300 _a8 pages :
_bcolor illustrations ;
_c21 cm
505 _aE
520 _aA simple and engaging introduction to the parts of plants—roots, stems, leaves, flowers—designed to encourage young readers to observe and appreciate plant life.
521 8 _a160
_bLexile estimate
521 8 _aE
_bRaz-Plus
650 _aPlant
_vNon-Fiction
942 _2ddc
_cBK
_n0
999 _c8366
_d8366